MARC

LEADER 00000nam0a2200000 4500
001 225379
005 20231101230648.0
010 |a 9781420082371 
035 |a (RuTPU)RU\TPU\book\245722 
090 |a 225379 
100 |a 20121109d2010 k y0engy50 ba 
101 0 |a eng 
102 |a US 
105 |a a z 001zy 
200 1 |a Conjugate Problems in Convective Heat Transfer  |f A. S. Dorfman 
210 |a New York  |c Taylor & Francis  |d 2010 
215 |a 421 p.  |c il. 
320 |a Index: p. 383-421. 
606 1 |a Теплообмен конвективный  |2 stltpush  |3 (RuTPU)RU\TPU\subj\59764  |9 77263 
610 1 |a теплофизика 
610 1 |a теплофизические задачи 
610 1 |a теплофизические процессы 
610 1 |a теплофизические расчеты 
610 1 |a конвективный теплообмен 
610 1 |a английский язык 
675 |a 536.25  |v 3 
700 1 |a Dorfman  |b A. S.  |g Abram 
801 1 |a RU  |b 63413507  |c 20121109 
801 2 |a RU  |b 63413507  |c 20121120  |g RCR 
942 |c BK